|
|
|
|
| LEADER |
00763nta a2200193 i 4500 |
| 001 |
dipl50185 |
| 005 |
20170523140921.0 |
| 008 |
150323s2012 hu om 0|| zxx d |
| 040 |
|
|
|a SZTE Diploma Repozitórium
|b hun
|
| 041 |
|
|
|a zxx
|
| 100 |
1 |
|
|a Paczári Dániel
|
| 245 |
1 |
0 |
|a Hétköznapi anyagok hangszigetelő tulajdonságainak vizsgálata
|h [elektronikus dokumentum] /
|c Dániel Paczári
|
| 246 |
1 |
0 |
|a Monitoring the sound-proof quality of ordinary materials
|h [elektronikus dokumentum]
|
| 260 |
|
|
|c 2012
|
| 650 |
|
4 |
|a Természettudományok
|
| 650 |
|
4 |
|a Natural sciences
|
| 700 |
0 |
1 |
|a Kukovecz Ákos
|e ths
|
| 700 |
0 |
1 |
|a Puskás Róbert
|e ths
|
| 856 |
4 |
0 |
|u https://diploma.bibl.u-szeged.hu/id/eprint/50185/1/2016_Pacz%C3%A1ri_D%C3%A1niel_PADOAAF_SZE_SZ.pdf
|z Dokumentum-elérés
|